000 01859nam0a2200337 4500
001 RU\NLR\bibl\2054361
005 20260409063304.0
010 _a978-5-699-64545-9
_92500
021 _aRU
_b2013-35539
_9294д/13
035 _a(NLR Aleph) 002041317
090 _a4597435
_c4597435
100 _a20130506d2013 |||y0rusy50 ca
101 0 _arus
102 _aRU
105 _ay |||||||||
200 1 _aАрбитражный процессуальный кодекс Российской Федерации
_eтекст с изменениями и дополнениями на 20 апреля 2013 года
_e[от 24 июля 2002 года № 95-ФЗ
_eпринят Государственной Думой 14 июня 2002 года
_eодобрен Советом Федерации 10 июля 2002 года
_eФедеральный закон от 30 декабря 2012 г. № 314 ФЗ ... Федеральный закон от 28 июля 2004 г. № 80-ФЗ]
210 _aМосква
_cЭксмо
_d2013
215 _a175, [1] с.
_d20
225 1 _aЗаконы и кодексы
604 _171001$aРоссийская Федерация
_150011$aАрбитражный процессуальный кодекс$2nlr_sh2$3RU\NLR\AUTH\661262504
_aРоссийская Федерация
_tАрбитражный процессуальный кодекс
_92086371
_3RU\NLR\AUTH\661262504
686 _aХ629.221-324.9(2Р)
740 1 _aРоссийская Федерация
_tЗаконы
_iАрбитражный процессуальный кодекс
_3RU\NLR\AUTH\880379475
_9425334
801 0 _aRU
_bRuMoRKP
_c20130506
_gRCR
801 2 _aRU
_bРГБ
_c20130701
_grcr
801 1 _aRU
_bRuMoRKP
_c20130506
_2rusmarc
801 2 _aRU
_bNLR
_c20130716
_grcr
942 _cBOOK
980 _aNBR
980 _aNB